书目信息 |
| 书名: | An introduction to phonetics and phonology = | |
| 作者: | John Clark and Colin Yallop著 ; 史宝辉导读. | |
| 分册号: | ||
| 分册名: | 出版地: | 北京 : |
|
| 出版社: | 外语教学与研究出版社 | |
| 出版时间: | 2000. | |
| 页数: | 37, 473 p. : | |
| 开本: | 23 cm. | |
| 丛书名: | 当代国外语言学与应用语言学文库 | |
| 中图分类号: | ||
| 科图分类号: | ||
| 其他分类号: | H01 | |
| 主题词: | ||
| 电子资源: | ||
| 000 | 01986cam a2200769 a 4500 | |
| 001 | E0739074285 | |
| 003 | CAL | |
| 005 | 20070819105247.29 | |
| 008 | 941026s2000 cc a rb 001 0 eng d | |
| 020 | @a7560018998. | |
| 040 | @aECNU@cECN | |
| 050 | 4 | @aP217@b.C65 1995 |
| 082 | 04 | @a414@220 |
| 090 | @aH01 | |
| 093 | @aH01@24 | |
| 099 | @dH01@ex178=2 | |
| 100 | 1 | @aClark, John@q(John Ellery) |
| 245 | 13 | @aAn introduction to phonetics and phonology = :@b语音学与音系学入门 / @cJohn Clark and Colin Yallop著 ; 史宝辉导读. |
| 246 | 31 | @a语音学与音系学入门 |
| 250 | @a2nd ed. | |
| 260 | @a北京 :@b外语教学与研究出版社,@c2000. | |
| 300 | @a37, 473 p. :@bill. ;@c23 cm. | |
| 440 | 0 | @a当代国外语言学与应用语言学文库 |
| 500 | @aReprint. Originally published: Oxford : Blackwell, 1995. | |
| 504 | @aIncludes bibliographical references (p. [435]-454) and index. | |
| 650 | 0 | @aPhonetics. |
| 650 | 0 | @aGrammar, Comparative and general@xPhonology. |
| 700 | 1 | @aYallop, Colin. |
| 920 | @a231220@z2 | |
| 920 | @a242020@z1 | |
| 920 | @a231010@z1 | |
| 920 | @a243160@z2 | |
| 920 | @a211030@z2 | |
| 920 | @a242250@z1 | |
| 920 | @a232010@z1 | |
| 920 | @a211010@z1 | |
| 920 | @a212010@z2 | |
| 920 | @a211410@z1 | |
| 920 | @a214010@z2 | |
| 920 | @a244050@z2 | |
| 920 | @a237010@z1 | |
| 920 | @a231280@z2 | |
| 920 | @a211050@z2 | |
| 920 | @a211060@z1 | |
| 920 | @a237385@z2 | |
| 920 | @a251050@z1 | |
| 920 | @a211260@z1 | |
| 920 | @a215010@z1 | |
| 920 | @a246060@z0 | |
| 920 | @a251430@z2 | |
| 920 | @a244010@z1 | |
| 920 | @a222220@z1 | |
| 920 | @a246010@z1 | |
| 920 | @a236010@z2 | |
| 920 | @a241061@z1 | |
| 920 | @a223140@z1 | |
| 920 | @a222020@z2 | |
| 920 | @a221010@z2 | |
| 920 | @a221060@z1 | |
| 920 | @a211270@z1 | |
| 920 | @a246040@z1 | |
| 920 | @a237020@z1 | |
| 920 | @a242010@z1 | |
| 920 | @a261020@z1 | |
| 920 | @a244020@z2 | |
| 920 | @a242120@z2 | |
| 998 | @aECN | |
| An introduction to phonetics and phonology = : : 语音学与音系学入门 / / John Clark and Colin Yallop著 ; 史宝辉导读.-2nd ed.-北京 : : 外语教学与研究出版社, , 2000. |
| 37, 473 p. : : ill. ; ; 23 cm.- (当代国外语言学与应用语言学文库) |
| Reprint. Originally published: Oxford : Blackwell, 1995.-Includes bibliographical references (p. [435]-454) and index. |
| ISBN 7560018998. |
| ● |
| 相关链接 |
|
|
|
|
正题名:introduction to phonetics and phonology =
索取号:H01/x178=2
 
预约/预借
| 序号 | 登录号 | 条形码 | 馆藏地/架位号 | 状态 | 备注 |
| 1 | 17023 | 300170231 | 第二样本阅览室/ [索取号:H01/x178=2] | 在馆 | |
| 2 | 17024 | 300170240 | 第四借阅区/ [索取号:H01/x178=2] | 在馆 | |
| 3 | 17025 | 300170259 | 第四借阅区/ [索取号:H01/x178=2] | 在馆 | |
| 4 | 17026 | 300170268 | 第四借阅区/ [索取号:H01/x178=2] | 在馆 | |
| 5 | 17027 | 300170277 | 第四借阅区/ [索取号:H01/x178=2] | 在馆 |